| 000 | 00708cam a22002174a 4500 | ||
|---|---|---|---|
| 001 | 11820177 | ||
| 005 | 20241023125754.0 | ||
| 008 | 990623s1999 enk 001 0 eng | ||
| 020 | _a9781847031853 | ||
| 050 | 0 | 0 |
_aKD4759 _b.A88 2008 |
| 100 | 1 | _aArden, Andrew. | |
| 245 | 1 | 0 |
_aLocal government constitutional and administrative law / _cAndrew Arden Q.C., Jonathan Manning, Scott Collins. |
| 250 | _aSecond Ed. | ||
| 260 |
_aLondon : _bSweet & Maxwell, _c2008. |
||
| 300 |
_accxxv, 1364 p. ; _c24 cm. _bIndex |
||
| 500 | _aIncludes index. | ||
| 650 | 0 |
_aLocal government _xLaw and legislation _zGreat Britain. |
|
| 700 | 1 | _aManning, Jonathan. | |
| 700 | 1 | _aCollins, Scott. | |
| 942 |
_2lcc _cBK _eSecond Ed. _n0 |
||
| 999 |
_c135 _d135 |
||